Tribhuvan University Central Library

Mahilaharuko muktiko barema; Marx, Angels, Lenin, Stalin, Mao (Record no. 29643)

MARC details
000 -LEADER
fixed length control field 004860000a22002050004500
082 ## - DEWEY DECIMAL CLASSIFICATION NUMBER
Classification number N305.42
Item number J649m
-- CS
041 ## - LANGUAGE CODE
Language code of text/sound track or separate title Nep
100 ## - MAIN ENTRY--PERSONAL NAME
Personal name Jetkin, Klara
245 ## - TITLE STATEMENT
Title Mahilaharuko muktiko barema; Marx, Angels, Lenin, Stalin, Mao
260 ## - PUBLICATION, DISTRIBUTION, ETC. (IMPRINT)
Place of publication, distribution, etc Kathmandu
Name of publisher, distributor, etc Pargati Pustak Sadan, Nepal
260 ## - PUBLICATION, DISTRIBUTION, ETC. (IMPRINT)
Date of publication, distribution, etc 2057 B.S.
300 ## - PHYSICAL DESCRIPTION
Extent 75p.
365 ## - TRADE PRICE
Price type code Rs.35.00
518 ## - DATE/TIME AND PLACE OF AN EVENT NOTE
Date/time and place of an event note 20030513
530 ## - ADDITIONAL PHYSICAL FORM AVAILABLE NOTE
Additional physical form available note M
650 ## - SUBJECT ADDED ENTRY--TOPICAL TERM
Topical term or geographic name as entry element Women
650 ## - SUBJECT ADDED ENTRY--TOPICAL TERM
Topical term or geographic name as entry element Communism
650 ## - SUBJECT ADDED ENTRY--TOPICAL TERM
Topical term or geographic name as entry element Womens rights
942 ## - ADDED ENTRY ELEMENTS (KOHA)
Koha item type General Collections
Holdings
Withdrawn status Lost status Damaged status Not for loan Home library Current library Date acquired Total Checkouts Barcode Date last seen Price effective from
        Tribhuvan University Central Library Tribhuvan University Central Library 06/20/2010   123183 06/20/2010 06/20/2010